[Event "Olympiad-41"]
[Site "Tromsoe"]
[Date "2014.08.03"]
[Round "2.4"]
[White "Guerrero Vargas, Andres Jesus"]
[Black "Polgar, Judit"]
[Result "0-1"]
[WhiteElo "2318"]
[BlackElo "2676"]
[PlyCount "72"]
[EventDate "2014.08.02"]
[EventType "team-swiss"]
[EventRounds "11"]
[EventCountry "NOR"]
[SourceTitle "CBM 204"]
[Source "ChessBase"]
[SourceDate "2021.10.31"]
[SourceVersion "1"]
[SourceVersionDate "2021.10.31"]
[SourceQuality "1"]
[WhiteTeam "Venezuela"]
[BlackTeam "Hungary"]
[WhiteTeamCountry "VEN"]
[BlackTeamCountry "HUN"]

1. e4 c5 2. Nf3 e6 3. d4 cxd4 4. Nxd4 Nc6 5. Nc3 a6 6. f4 Nge7 7. Nf3 b5 8. a3 Bb7 9. Bd3 Ng6 10. 0-0 Qc7 11. Ng5 f6 12. Nh3 Bc5+ 13. Kh1 0-0-0 14. Qh5 Nce7 15. Qe2 e5 16. fxe5 Nxe5 17. Nf4 h5 18. a4 g5 19. axb5 gxf4 20. bxa6 Bc6 21. Bxf4 Rdg8 22. Bc4 Rg4 23. Nd5 Bxd5 24. Bxd5 Nxd5 25. exd5 Kb8 26. Rf3 Ka8 27. h3 Rhg8 28. d6 Qc6 29. hxg4 hxg4 30. Rc3 Rh8+ 31. Bh2 Qxd6 32. Qe4+ Nc6 33. g3 Rxh2+ 34. Kxh2 Qd2+ 35. Kh1 Qh6+ 36. Kg2 Qh3# 0-1

[Event "Wch Blitz 8th"]
[Site "Dubai"]
[Date "2014.06.20"]
[Round "19"]
[White "Aronian, Levon"]
[Black "Polgar, Judit"]
[Result "1-0"]
[WhiteElo "2815"]
[BlackElo "2685"]
[PlyCount "71"]
[EventDate "2014.06.19"]
[EventType "swiss (blitz)"]
[EventRounds "21"]
[EventCountry "UAE"]
[SourceTitle "CBM 160 Extra"]
[Source "ChessBase"]
[SourceDate "2014.07.01"]
[SourceVersion "1"]
[SourceVersionDate "2014.07.01"]
[SourceQuality "1"]

1. c4 e5 2. Nc3 Nc6 3. g3 Bc5 4. Bg2 Nge7 5. e3 a6 6. Nge2 d6 7. 0-0 0-0 8. b3 Ba7 9. h3 Be6 10. d4 exd4 11. exd4 Bd7 12. d5 Ne5 13. Kh2 b5 14. f4 N5g6 15. Nd4 bxc4 16. bxc4 Nf5 17. Nc6 Qf6 18. Qd3 Bc5 19. Bd2 Bxc6 20. dxc6 Nge7 21. Rae1 Rab8 22. Ne4 Qg6 23. g4 Nh4 24. f5 Nexf5 25. Rxf5 Nxf5 26. Nxc5 dxc5 27. Qxf5 Qd6+ 28. Bf4 Qd4 29. Be5 Qd2 30. Rf1 f6 31. Bxc7 Rb2 32. Qd5+ Kh8 33. Qxd2 Rxd2 34. Bf4 Rc2 35. Rd1 g5 36. c7 1-0

[Event "Wch Blitz 8th"]
[Site "Dubai"]
[Date "2014.06.20"]
[Round "14"]
[White "Carlsen, Magnus"]
[Black "Polgar, Judit"]
[Result "1-0"]
[WhiteElo "2881"]
[BlackElo "2685"]
[PlyCount "77"]
[EventDate "2014.06.19"]
[EventType "swiss (blitz)"]
[EventRounds "21"]
[EventCountry "UAE"]
[SourceTitle "CBM 160 Extra"]
[Source "ChessBase"]
[SourceDate "2014.07.01"]
[SourceVersion "1"]
[SourceVersionDate "2014.07.01"]
[SourceQuality "1"]

1. d4 Nf6 2. c4 g6 3. Nc3 Bg7 4. e4 d6 5. f3 0-0 6. Be3 a6 7. Nge2 c6 8. a4 a5 9. Ng3 Na6 10. Be2 Qc7 11. 0-0 e5 12. d5 h5 13. Qd2 h4 14. Nh1 Nh5 15. Nf2 f5 16. Nd3 f4 17. Bf2 Ng3 18. Rfd1 c5 19. hxg3 hxg3 20. Bxg3 fxg3 21. Qg5 Qf7 22. Nb5 Qf6 23. Qxg3 Bh6 24. Kf2 Nb4 25. Rh1 Kg7 26. Qh4 Qxh4+ 27. Rxh4 Bg5 28. Rh2 Be3+ 29. Kxe3 Nc2+ 30. Kd2 Nxa1 31. Kc3 Ra6 32. Rh1 Bd7 33. Rxa1 Bxb5 34. cxb5 Raa8 35. b3 Rh8 36. b6 Rh2 37. Rg1 Ra6 38. Nb2 Rxb6 39. Bb5 1-0

[Event "Wch Blitz 8th"]
[Site "Dubai"]
[Date "2014.06.20"]
[Round "20"]
[White "Malakhov, Vladimir"]
[Black "Polgar, Judit"]
[Result "1-0"]
[WhiteElo "2694"]
[BlackElo "2685"]
[PlyCount "70"]
[EventDate "2014.06.19"]
[EventType "swiss (blitz)"]
[EventRounds "21"]
[EventCountry "UAE"]
[SourceTitle "CBM 160 Extra"]
[Source "ChessBase"]
[SourceDate "2014.07.01"]
[SourceVersion "1"]
[SourceVersionDate "2014.07.01"]
[SourceQuality "1"]

1. Nf3 Nf6 2. g3 g6 3. b3 Bg7 4. Bb2 0-0 5. Bg2 d5 6. c4 c6 7. 0-0 a5 8. d3 Na6 9. Nbd2 Be6 10. a3 Qc8 11. Re1 Bh3 12. Bh1 h6 13. Qc2 Qd8 14. Rac1 Nc7 15. cxd5 Ncxd5 16. Nc4 Nb6 17. Nfe5 Nfd7 18. Nxb6 Nxb6 19. Qb1 Qd6 20. Nc4 Nxc4 21. bxc4 e5 22. Bc3 Qxa3 23. Qxb7 Rfc8 24. Qb2 Qc5 25. Bg2 Bxg2 26. Kxg2 a4 27. Bb4 Qa7 28. Qa3 c5 29. Bd2 Qb7+ 30. e4 Bf8 31. Rb1 Qd7 32. Be3 h5 33. h3 f5 34. Rb6 Rc6 35. Reb1 h4 1-0

[Event "Wch Blitz 8th"]
[Site "Dubai"]
[Date "2014.06.19"]
[Round "10"]
[White "Polgar, Judit"]
[Black "Nguyen, Ngoc Truong Son"]
[Result "1-0"]
[WhiteElo "2685"]
[BlackElo "2621"]
[PlyCount "91"]
[EventDate "2014.06.19"]
[EventType "swiss (blitz)"]
[EventRounds "21"]
[EventCountry "UAE"]
[SourceTitle "CBM 160 Extra"]
[Source "ChessBase"]
[SourceDate "2014.07.01"]
[SourceVersion "1"]
[SourceVersionDate "2014.07.01"]
[SourceQuality "1"]

1. e4 e6 2. d4 d5 3. Nc3 Nc6 4. Nf3 Nf6 5. Bd3 Nb4 6. Bg5 Be7 7. e5 Nd7 8. Bxe7 Qxe7 9. Be2 c5 10. Nb5 0-0 11. c3 Nc6 12. 0-0 f6 13. c4 fxe5 14. cxd5 exd5 15. Nc7 exd4 16. Nxa8 Nf6 17. Re1 Qd8 18. Rc1 b6 19. Bb5 Bb7 20. Bxc6 Bxc6 21. Nxd4 Qxa8 22. Ne6 Re8 23. Qd3 Qc8 24. Ng5 Bd7 25. h3 h6 26. Nf3 Rxe1+ 27. Rxe1 Bf5 28. Qd2 d4 29. Qf4 Kh7 30. Nh4 Bg6 31. Nxg6 Kxg6 32. Re7 Qf8 33. Qe5 a5 34. g4 Kh7 35. h4 Qc8 36. Qf5+ Qxf5 37. gxf5 c4 38. Kf1 b5 39. Rc7 d3 40. Ke1 Ne4 41. f3 Nd6 42. f6 Kg8 43. fxg7 b4 44. Kd2 a4 45. Rc6 b3 46. axb3 1-0

[Event "Wch Rapid"]
[Site "Dubai"]
[Date "2014.06.18"]
[Round "12"]
[White "Durarbayli, Vasif"]
[Black "Polgar, Judit"]
[Result "1/2-1/2"]
[WhiteElo "2590"]
[BlackElo "2685"]
[PlyCount "111"]
[EventDate "2014.06.16"]
[EventType "swiss (rapid)"]
[EventRounds "15"]
[EventCountry "UAE"]
[SourceTitle "CBM 160 Extra"]
[Source "ChessBase"]
[SourceDate "2014.07.01"]
[SourceVersion "1"]
[SourceVersionDate "2014.07.01"]
[SourceQuality "1"]

1. e4 c5 2. Nf3 Nc6 3. d4 cxd4 4. Nxd4 Nf6 5. Nc3 Qb6 6. Nb3 e6 7. Be3 Qc7 8. a3 a6 9. f4 d6 10. g4 h6 11. Bg2 Be7 12. 0-0 g5 13. fxg5 hxg5 14. h3 Nd7 15. Qd2 f6 16. Qf2 Nce5 17. Nd4 Nf8 18. Nf3 Nfg6 19. Nxe5 Nxe5 20. Na4 b5 21. Nb6 Rb8 22. Nxc8 Rxc8 23. c3 d5 24. Bb6 Nxg4 25. Bxc7 Nxf2 26. Kxf2 Rxc7 27. exd5 e5 28. Kg3 Rh6 29. a4 b4 30. cxb4 Bxb4 31. Rac1 Rxc1 32. Rxc1 f5 33. Rf1 Rf6 34. Be4 f4+ 35. Kg4 Be7 36. a5 Rh6 37. Rf3 Kf7 38. Rb3 Bd8 39. Rb7+ Kf6 40. Rh7 Rxh7 41. Bxh7 Bxa5 42. Bd3 Bc7 43. b4 Bd6 44. Kf3 Bxb4 45. Bxa6 Ke7 46. d6+ Bxd6 47. Bb7 Kf6 48. Ke4 Kg6 49. Bc8 Kh5 50. Bg4+ Kh4 51. Kf3 Bb8 52. Bf5 Bc7 53. Bg4 e4+ 54. Kxe4 Kg3 55. Bh5 Kxh3 56. Kf3 1/2-1/2

[Event "Wch Rapid"]
[Site "Dubai"]
[Date "2014.06.18"]
[Round "11"]
[White "Lu, Shanglei"]
[Black "Polgar, Judit"]
[Result "1-0"]
[WhiteElo "2546"]
[BlackElo "2685"]
[PlyCount "93"]
[EventDate "2014.06.16"]
[EventType "swiss (rapid)"]
[EventRounds "15"]
[EventCountry "UAE"]
[SourceTitle "CBM 160 Extra"]
[Source "ChessBase"]
[SourceDate "2014.07.01"]
[SourceVersion "1"]
[SourceVersionDate "2014.07.01"]
[SourceQuality "1"]

1. e4 c5 2. Nf3 Nc6 3. Bb5 e6 4. 0-0 Nge7 5. Re1 a6 6. Bf1 g6 7. c3 Bg7 8. d4 cxd4 9. cxd4 d5 10. Nc3 dxe4 11. Nxe4 Nd5 12. Bg5 f6 13. Bh4 0-0 14. Nc5 Re8 15. Rc1 g5 16. Bg3 g4 17. Nd2 f5 18. Be5 Nxe5 19. dxe5 b6 20. Ncb3 Bh6 21. Rc6 Bb7 22. Rd6 Qg5 23. Nc4 Bf8 24. Nd4 Rad8 25. Nxe6 Rxe6 26. Rxe6 Nf4 27. Qb3 Bd5 28. Rxb6 Bc5 29. g3 Ne6 30. Rd1 Nd4 31. Rxd4 Bxd4 32. Rd6 Rxd6 33. exd6 f4 34. d7 fxg3 35. Qxg3 Bf6 36. Ne3 Be6 37. Qd6 Kf7 38. Bxa6 h5 39. b3 Be7 40. Qc6 Qa5 41. Bc4 Bxc4 42. Qxc4+ Kg7 43. Qd4+ Bf6 44. b4 Qa8 45. Qd5 Qb8 46. Qxh5 Qc7 47. Nf5+ 1-0

[Event "Wch Rapid"]
[Site "Dubai"]
[Date "2014.06.18"]
[Round "14"]
[White "Michalik, Peter"]
[Black "Polgar, Judit"]
[Result "0-1"]
[WhiteElo "2557"]
[BlackElo "2685"]
[PlyCount "110"]
[EventDate "2014.06.16"]
[EventType "swiss (rapid)"]
[EventRounds "15"]
[EventCountry "UAE"]
[SourceTitle "CBM 160 Extra"]
[Source "ChessBase"]
[SourceDate "2014.07.01"]
[SourceVersion "1"]
[SourceVersionDate "2014.07.01"]
[SourceQuality "1"]

1. d4 Nf6 2. c4 g6 3. Nc3 Bg7 4. e4 d6 5. Bd3 0-0 6. Nge2 e5 7. d5 Nbd7 8. 0-0 Nc5 9. Bc2 a5 10. a3 Nh5 11. Be3 f5 12. exf5 gxf5 13. Ng3 Nxg3 14. fxg3 e4 15. Bd4 Qe7 16. Ne2 Nd7 17. Rc1 Ne5 18. Bb1 b6 19. Nf4 Bd7 20. b3 Rae8 21. Qd2 Ng4 22. Rce1 Qg5 23. h3 Ne5 24. Qc3 Re7 25. Re3 Bf6 26. Bc2 Rg7 27. Bd1 Qh6 28. Nh5 Re7 29. Nxf6+ Rxf6 30. Be2 Rf8 31. b4 axb4 32. axb4 Be8 33. c5 bxc5 34. bxc5 Bh5 35. cxd6 cxd6 36. g4 fxg4 37. Rxf8+ Qxf8 38. Rxe4 Bg6 39. Bxe5 Bxe4 40. Bxd6 g3 41. Qxg3+ Qg7 42. Bg4 Re8 43. Bb4 Bxd5 44. Bc3 Qg6 45. Qf4 Re2 46. Qb8+ Qe8 47. Qxe8+ Rxe8 48. h4 Re3 49. Bd2 Ra3 50. Bh3 Kg7 51. Bf4 Kg6 52. Kf2 Be4 53. Be3 Ra2+ 54. Kf1 Rc2 55. g4 Rh2 0-1

[Event "Wch Rapid"]
[Site "Dubai"]
[Date "2014.06.18"]
[Round "13"]
[White "Polgar, Judit"]
[Black "Ghaem Maghami, Ehsan"]
[Result "1/2-1/2"]
[WhiteElo "2685"]
[BlackElo "2582"]
[PlyCount "140"]
[EventDate "2014.06.16"]
[EventType "swiss (rapid)"]
[EventRounds "15"]
[EventCountry "UAE"]
[SourceTitle "CBM 160 Extra"]
[Source "ChessBase"]
[SourceDate "2014.07.01"]
[SourceVersion "1"]
[SourceVersionDate "2014.07.01"]
[SourceQuality "1"]

1. e4 e5 2. Nf3 Nc6 3. Bb5 a6 4. Ba4 Nf6 5. 0-0 Be7 6. d3 d6 7. c4 Bg4 8. Nc3 0-0 9. h3 Bxf3 10. Qxf3 Nd7 11. Be3 Bg5 12. Bxc6 bxc6 13. b4 Rb8 14. Rab1 h6 15. a4 Re8 16. b5 cxb5 17. cxb5 axb5 18. Nxb5 Ra8 19. Ra1 Ra5 20. Ra3 Nc5 21. Bxc5 dxc5 22. Rfa1 Bd2 23. Nc3 Bxc3 24. Rxc3 Qd4 25. Rac1 Rd8 26. Rc4 Qxd3 27. Qxd3 Rxd3 28. Rxc5 Rxa4 29. Rxe5 Rd7 30. Rc2 Kf8 31. f3 Ra7 32. h4 g6 33. h5 g5 34. Kh2 Kg7 35. Kh3 Rb7 36. Kg4 Ra7 37. g3 Ra3 38. Rf5 Re3 39. Rc6 Rb3 40. Rcc5 Ra3 41. Rc1 Rb3 42. Rcc5 Ra3 43. Rfd5 Rxd5 44. Rxd5 Rc3 45. f4 gxf4 46. gxf4 Kf6 47. Rd8 Ke7 48. Rh8 Rc6 49. e5 Re6 50. Kf3 Ra6 51. Ke4 Ra4+ 52. Kf5 Ra6 53. Rb8 Rb6 54. Rc8 Kd7 55. Rf8 Ke7 56. Ra8 Kd7 57. Ra7 Rc6 58. Ra8 Rb6 59. Rh8 Ke7 60. Kg4 Re6 61. Rc8 Kd7 62. Ra8 Ke7 63. Ra4 Kd7 64. Rd4+ Ke7 65. Rc4 Kd7 66. Rc5 Ra6 67. f5 Ra4+ 68. Kf3 Rh4 69. Rd5+ Ke7 70. Rc5 Kd8 1/2-1/2

[Event "Wch Rapid"]
[Site "Dubai"]
[Date "2014.06.16"]
[Round "4"]
[White "Harikrishna, Pentala"]
[Black "Polgar, Judit"]
[Result "0-1"]
[WhiteElo "2726"]
[BlackElo "2685"]
[PlyCount "86"]
[EventDate "2014.06.16"]
[EventType "swiss (rapid)"]
[EventRounds "15"]
[EventCountry "UAE"]
[SourceTitle "CBM 160 Extra"]
[Source "ChessBase"]
[SourceDate "2014.07.01"]
[SourceVersion "1"]
[SourceVersionDate "2014.07.01"]
[SourceQuality "1"]

1. d4 Nf6 2. Nf3 e6 3. Bg5 d5 4. e3 c5 5. c3 Nbd7 6. Nbd2 Be7 7. Bd3 b6 8. Ne5 Nxe5 9. dxe5 Nd7 10. Bxe7 Qxe7 11. f4 Bb7 12. 0-0 0-0 13. Qe2 Rad8 14. Nf3 f6 15. exf6 Nxf6 16. Rad1 g6 17. Rfe1 Rd6 18. Qf2 Qg7 19. Bc2 Qe7 20. Qg3 Nh5 21. Qg4 Nf6 22. Qh3 Bc8 23. Qh4 Bb7 24. Ne5 Kg7 25. Rf1 Qd8 26. Qg5 Nd7 27. Qg4 Nf6 28. Qg5 Nd7 29. Qg3 Nxe5 30. fxe5 Rd7 31. Qg4 Rdf7 32. Rf4 Qc7 33. Qg5 Qe7 34. Qg3 Ba6 35. Rd2 d4 36. h4 dxe3 37. Rxf7+ Rxf7 38. Rd6 e2 39. Kh2 Rf1 40. Bxg6 hxg6 41. h5 Qf7 42. Rd7 Qxd7 43. Qxg6+ Kh8 0-1

[Event "Wch Rapid"]
[Site "Dubai"]
[Date "2014.06.16"]
[Round "5"]
[White "Polgar, Judit"]
[Black "Karjakin, Sergey"]
[Result "0-1"]
[WhiteElo "2685"]
[BlackElo "2771"]
[PlyCount "124"]
[EventDate "2014.06.16"]
[EventType "swiss (rapid)"]
[EventRounds "15"]
[EventCountry "UAE"]
[SourceTitle "CBM 160 Extra"]
[Source "ChessBase"]
[SourceDate "2014.07.01"]
[SourceVersion "1"]
[SourceVersionDate "2014.07.01"]
[SourceQuality "1"]

1. e4 c5 2. Nf3 d6 3. d4 cxd4 4. Nxd4 Nf6 5. Nc3 a6 6. Be3 e5 7. Nf3 Be7 8. Bc4 0-0 9. 0-0 Qc7 10. Qe2 b5 11. Nd5 Nxd5 12. Bxd5 Bb7 13. Bxb7 Qxb7 14. Nd2 Nd7 15. Rfd1 Rfc8 16. c4 h6 17. b3 Nf6 18. f3 Bd8 19. Rac1 Rc6 20. Nf1 Rac8 21. Ng3 bxc4 22. bxc4 Bb6 23. Nf5 Bxe3+ 24. Qxe3 Ne8 25. h3 Rxc4 26. Rxc4 Rxc4 27. Nxd6 Nxd6 28. Rxd6 Qb1+ 29. Kh2 Qxa2 30. Qe1 Rd4 31. Rc6 Kh7 32. Qg3 Qa4 33. Rc7 Qe8 34. Qg4 g6 35. Rc5 Rd6 36. Qg3 Re6 37. Rd5 Qe7 38. Qf2 h5 39. Qd2 h4 40. Rd7 Qf6 41. Qd5 Kg7 42. Rb7 Re8 43. Rb1 Rd8 44. Qa5 Rd6 45. Qb4 Qf4+ 46. Kh1 Rd2 47. Qc3 Rf2 48. Rg1 Qg3 49. Qe3 g5 50. Qe1 Rxf3 51. Qe2 Re3 52. Qxa6 Rxe4 53. Qa5 Re2 54. Qb4 Qf4 55. Qb5 Rf2 56. Qd3 Qg3 57. Qe4 Qf4 58. Qd3 e4 59. Qd4+ Kh7 60. Qc4 g4 61. Qb5 gxh3 62. Qh5+ Qh6 0-1

[Event "Wch Rapid"]
[Site "Dubai"]
[Date "2014.06.16"]
[Round "3"]
[White "Polgar, Judit"]
[Black "Tomashevsky, Evgeny"]
[Result "1/2-1/2"]
[WhiteElo "2685"]
[BlackElo "2695"]
[PlyCount "103"]
[EventDate "2014.06.16"]
[EventType "swiss (rapid)"]
[EventRounds "15"]
[EventCountry "UAE"]
[SourceTitle "CBM 160 Extra"]
[Source "ChessBase"]
[SourceDate "2014.07.01"]
[SourceVersion "1"]
[SourceVersionDate "2014.07.01"]
[SourceQuality "1"]

1. e4 e5 2. Nf3 Nc6 3. Bb5 a6 4. Ba4 Nf6 5. 0-0 Be7 6. Re1 b5 7. Bb3 0-0 8. d3 d6 9. a4 Bd7 10. c3 Na5 11. Bc2 c5 12. Nbd2 Re8 13. Nf1 h6 14. Ng3 Bf8 15. h3 b4 16. cxb4 cxb4 17. d4 Qb6 18. b3 Rac8 19. Bb2 Be6 20. d5 Bd7 21. Nf1 Nh5 22. Ne3 Nf4 23. h4 Rc7 24. g3 Nh5 25. Nd2 g6 26. Bd3 Rec8 27. Qe2 Ra8 28. Ndc4 Nxc4 29. Nxc4 Qb8 30. Qe3 Nf6 31. f3 a5 32. Kg2 Bc8 33. Nb6 Raa7 34. Rac1 Rxc1 35. Rxc1 Rc7 36. Rxc7 Qxc7 37. Nxc8 Qxc8 38. Qb6 Be7 39. Qxa5 Nh5 40. Qxb4 Bxh4 41. Qxd6 Bxg3 42. Bxe5 Bxe5 43. Qxe5 Qc1 44. Be2 Qd2 45. Kf2 Nf4 46. Qe8+ Kg7 47. Qb5 Qd4+ 48. Kf1 Nh3 49. Kg2 Nf4+ 50. Kf1 Nh3 51. Kg2 Nf4+ 52. Kf1 1/2-1/2

[Event "EU-ch 15th"]
[Site "Yerevan"]
[Date "2014.03.13"]
[Round "10"]
[White "Ter Sahakyan, Samvel"]
[Black "Polgar, Judit"]
[Result "1-0"]
[WhiteElo "2572"]
[BlackElo "2693"]
[PlyCount "104"]
[EventDate "2014.03.03"]
[EventType "swiss"]
[EventRounds "11"]
[EventCountry "ARM"]
[SourceTitle "CBM 160"]
[Source "ChessBase"]
[SourceDate "2014.05.15"]
[SourceVersion "1"]
[SourceVersionDate "2014.05.15"]
[SourceQuality "1"]

1. e4 c5 2. Nf3 Nc6 3. d4 cxd4 4. Nxd4 e6 5. Nc3 Qc7 6. Be3 a6 7. Qd2 Nf6 8. 0-0-0 Be7 9. f3 b5 10. g4 Nxd4 11. Bxd4 Bb7 12. g5 Nh5 13. Be5 Qxe5 14. Qxd7+ Kf8 15. Qxb7 Bxg5+ 16. Kb1 Qb8 17. Rd7 Qxb7 18. Rxb7 Bf6 19. a4 Bxc3 20. bxc3 bxa4 21. Bxa6 g5 22. Bb5 Kg7 23. Rd1 Rhb8 24. Rxb8 Rxb8 25. c4 Nf4 26. Kb2 Ng6 27. Ka3 Ne5 28. Kxa4 Nxf3 29. c5 Ne5 30. c6 Rc8 31. Rd6 Kf6 32. Kb4 g4 33. Kc5 Ke7 34. Rd1 h5 35. Kb6 Rb8+ 36. Kc5 Rc8 37. Kb6 Rb8+ 38. Ka6 Nxc6 39. Bxc6 Rb2 40. Ba4 Rb4 41. Bb5 Rxe4 42. Rc1 h4 43. c4 Re2 44. c5 Rxh2 45. c6 Rd2 46. c7 Rd8 47. cxd8Q+ Kxd8 48. Be2 f5 49. Rc4 Kd7 50. Bxg4 fxg4 51. Rxg4 Kc6 52. Ka5 Kd5 1-0

[Event "EU-ch 15th"]
[Site "Yerevan"]
[Date "2014.03.07"]
[Round "5"]
[White "Polgar, Judit"]
[Black "Pashikian, Arman"]
[Result "1/2-1/2"]
[WhiteElo "2693"]
[BlackElo "2612"]
[PlyCount "95"]
[EventDate "2014.03.03"]
[EventType "swiss"]
[EventRounds "11"]
[EventCountry "ARM"]
[SourceTitle "CBM 160"]
[Source "ChessBase"]
[SourceDate "2014.05.15"]
[SourceVersion "1"]
[SourceVersionDate "2014.05.15"]
[SourceQuality "1"]

1. e4 e5 2. Nf3 Nc6 3. Bb5 Nf6 4. d3 Bc5 5. c3 0-0 6. 0-0 Re8 7. Nbd2 a6 8. Ba4 b5 9. Bb3 d6 10. Re1 Be6 11. Nf1 Bxb3 12. axb3 h6 13. Nh4 d5 14. Qf3 Nxe4 15. dxe4 Qxh4 16. exd5 e4 17. Qg3 Qxg3 18. Nxg3 Ne7 19. Rxe4 f5 20. Re6 Nxd5 21. Raxa6 f4 22. Rxa8 Rxa8 23. Nf1 Ra1 24. Re1 Bb6 25. b4 Ne3 26. Nd2 Ng4 27. Ne4 Ne5 28. Bd2 Ra2 29. Rb1 Nd3 30. h4 g5 31. hxg5 hxg5 32. Nxg5 Bxf2+ 33. Kf1 Be3 34. Bxe3 fxe3 35. Ke2 Nxb2 36. Kxe3 Na4 37. Ne4 Rxg2 38. Rf1 Kg7 39. Kd4 Rg4 40. Ke5 Nxc3 41. Nxc3 Rxb4 42. Ne4 Rb2 43. Rc1 Re2 44. Kf5 Kf8 45. Rxc7 Re1 46. Ng5 Rf1+ 47. Kg6 Rg1 48. Kf6 1/2-1/2

[Event "London Classic Gp-C 5th"]
[Site "London"]
[Date "2013.12.13"]
[Round "6.1"]
[White "Nakamura, Hikaru"]
[Black "Polgar, Judit"]
[Result "1/2-1/2"]
[WhiteElo "2786"]
[BlackElo "2693"]
[PlyCount "104"]
[EventDate "2013.12.11"]
[EventType "tourn (rapid)"]
[EventRounds "6"]
[EventCountry "ENG"]
[EventCategory "20"]
[SourceTitle "CBM 158"]
[Source "ChessBase"]
[SourceDate "2014.01.16"]
[SourceVersion "1"]
[SourceVersionDate "2014.01.16"]
[SourceQuality "1"]

1. d4 Nf6 2. Bg5 Ne4 3. Bf4 d5 4. e3 c5 5. Bd3 Nc6 6. Bxe4 dxe4 7. d5 e5 8. Bg3 Ne7 9. Nc3 f6 10. Qd2 Bf5 11. f3 Nc8 12. f4 exf4 13. Bxf4 Nd6 14. Nge2 Nc4 15. Qc1 Bd6 16. 0-0 Bg6 17. Ng3 Qe7 18. b3 Be5 19. Bxe5 Qxe5 20. Ncxe4 Nb6 21. Nxc5 Nxd5 22. Nd3 Bxd3 23. cxd3 0-0 24. e4 Qd4+ 25. Kh1 Rac8 26. Qd2 Ne3 27. Rfc1 Ng4 28. h3 Qxd3 29. Qf4 Qe3 30. Qxe3 Nxe3 31. Rxc8 Rxc8 32. Re1 Rc3 33. e5 Nc2 34. Rc1 fxe5 35. Nf5 b5 36. Ne3 Rxe3 37. Rxc2 Re1+ 38. Kh2 Ra1 39. Kg3 a5 40. Rc5 Rxa2 41. Rxb5 Ra3 42. Kf2 e4 43. b4 a4 44. Re5 e3+ 45. Kf3 Rb3 46. b5 a3 47. Re8+ Kf7 48. Ra8 Kf6 49. b6 Kg5 50. Ra5+ Kf6 51. b7 Rxb7 52. Rxa3 h5 1/2-1/2

[Event "London Classic Gp-C 5th"]
[Site "London"]
[Date "2013.12.13"]
[Round "5.2"]
[White "Polgar, Judit"]
[Black "Jones, Gawain C B"]
[Result "0-1"]
[WhiteElo "2693"]
[BlackElo "2654"]
[PlyCount "86"]
[EventDate "2013.12.11"]
[EventType "tourn (rapid)"]
[EventRounds "6"]
[EventCountry "ENG"]
[EventCategory "20"]
[SourceTitle "CBM 158"]
[Source "ChessBase"]
[SourceDate "2014.01.16"]
[SourceVersion "1"]
[SourceVersionDate "2014.01.16"]
[SourceQuality "1"]

1. e4 c5 2. Nf3 d6 3. d4 cxd4 4. Nxd4 Nf6 5. Nc3 g6 6. Be3 Bg7 7. f3 Nc6 8. Qd2 0-0 9. Bc4 Bd7 10. 0-0-0 Rc8 11. Bb3 Nxd4 12. Bxd4 b5 13. h4 a5 14. h5 a4 15. Bxf6 Bxf6 16. hxg6 e6 17. e5 Bg7 18. Rxh7 Bxe5 19. Rdh1 fxg6 20. Bd5 Rf7 21. Rxf7 Kxf7 22. Be4 Qf6 23. Kb1 Rh8 24. Rxh8 Qxh8 25. Nd1 d5 26. Bd3 Qh4 27. a3 Bd6 28. c3 Bf4 29. Qe2 Qh1 30. Bc2 e5 31. g4 Be6 32. Qxb5 Qxf3 33. Qxa4 Qxg4 34. Qa7+ Kf6 35. a4 Qe2 36. Qg1 e4 37. Qd4+ Be5 38. Qc5 Qd2 39. a5 Bf4 40. Bb3 e3 41. Qf8+ Bf7 42. Nxe3 Qxe3 43. Bxd5 Qd3+ 0-1

[Event "London Classic Gp-C 5th"]
[Site "London"]
[Date "2013.12.11"]
[Round "1.1"]
[White "Gelfand, Boris"]
[Black "Polgar, Judit"]
[Result "1-0"]
[WhiteElo "2777"]
[BlackElo "2693"]
[PlyCount "99"]
[EventDate "2013.12.11"]
[EventType "tourn (rapid)"]
[EventRounds "6"]
[EventCountry "ENG"]
[EventCategory "20"]
[SourceTitle "CBM 158"]
[Source "ChessBase"]
[SourceDate "2014.01.16"]
[SourceVersion "1"]
[SourceVersionDate "2014.01.16"]
[SourceQuality "1"]

1. d4 Nf6 2. c4 e6 3. Nf3 b6 4. g3 Ba6 5. b3 Bb7 6. Bg2 Bb4+ 7. Bd2 a5 8. 0-0 0-0 9. Qc2 Be4 10. Qb2 c5 11. Nc3 d5 12. cxd5 exd5 13. Bg5 Bxc3 14. Qxc3 Nbd7 15. Bh3 Ra7 16. dxc5 bxc5 17. Bxd7 Rxd7 18. Qxc5 Bxf3 19. exf3 d4 20. Rad1 Rd5 21. Bxf6 gxf6 22. Qc4 Qd7 23. Rd2 Rc8 24. Qd3 Re8 25. Rfd1 Rd8 26. Kg2 Qd6 27. Re1 f5 28. Rc2 Kg7 29. Rec1 Rd7 30. Rc6 Qe5 31. Qd2 f4 32. Re1 Qb8 33. Re4 Qd8 34. Rxf4 R7d6 35. Rxd6 Qxd6 36. Qd3 f5 37. Rh4 Qf6 38. Rh5 h6 39. g4 Qd6 40. gxf5 Qf6 41. Qe4 Rd8 42. Rh4 d3 43. Rg4+ Kh7 44. Rg6 Qf7 45. Qf4 Qf8 46. Qc7+ Kh8 47. Rxh6+ Kg8 48. Rg6+ Kh8 49. Qe5+ Kh7 50. Qf4 1-0

[Event "Geneve Masters GpA"]
[Site "Geneve"]
[Date "2013.06.28"]
[Round "3.2"]
[White "Polgar, Judit"]
[Black "Mamedyarov, Shakhriyar"]
[Result "1-0"]
[WhiteElo "2696"]
[BlackElo "2753"]
[PlyCount "109"]
[EventDate "2013.06.26"]
[EventType "tourn (rapid)"]
[EventRounds "3"]
[EventCountry "SUI"]
[EventCategory "19"]
[SourceTitle "CBM 155 Extra"]
[Source "ChessBase"]
[SourceDate "2013.08.26"]
[SourceVersion "1"]
[SourceVersionDate "2013.08.26"]
[SourceQuality "1"]

1. e4 e5 2. Nf3 Nc6 3. Bb5 a6 4. Ba4 Nf6 5. 0-0 Be7 6. d3 d6 7. c3 0-0 8. Nbd2 Bg4 9. h3 Bh5 10. Re1 Nd7 11. Nf1 Bxf3 12. Qxf3 Bg5 13. Ne3 Nc5 14. Bc2 g6 15. b4 Ne6 16. Bb3 Qf6 17. Qxf6 Bxf6 18. Nd5 Bg7 19. a4 Rfe8 20. g3 Ne7 21. Ne3 h5 22. h4 Bh6 23. Kg2 Kg7 24. a5 Ng8 25. Bb2 Nf6 26. f3 Rad8 27. d4 Bxe3 28. Rxe3 exd4 29. cxd4 d5 30. e5 Ng8 31. g4 Ne7 32. Kg3 Rh8 33. Rc1 c6 34. Rh1 Rh7 35. Rd3 Rdh8 36. Bc1 g5 37. Bxg5 Nxg5 38. hxg5 hxg4 39. Rxh7+ Rxh7 40. fxg4 Rh1 41. Rd1 Rh8 42. Bc2 Rb8 43. Rh1 Rh8 44. Rxh8 Kxh8 45. Kf4 Kg7 46. Bf5 Ng6+ 47. Kg3 Ne7 48. e6 c5 49. dxc5 Nc6 50. exf7 Nxb4 51. Bc8 Nd3 52. Bxb7 Nxc5 53. Bxd5 Nd3 54. Kf3 Nb4 55. Ke4 1-0

[Event "Geneve Masters GpA"]
[Site "Geneve"]
[Date "2013.06.27"]
[Round "2.2"]
[White "Kramnik, Vladimir"]
[Black "Polgar, Judit"]
[Result "1-0"]
[WhiteElo "2803"]
[BlackElo "2696"]
[PlyCount "113"]
[EventDate "2013.06.26"]
[EventType "tourn (rapid)"]
[EventRounds "3"]
[EventCountry "SUI"]
[EventCategory "19"]
[SourceTitle "CBM 155 Extra"]
[Source "ChessBase"]
[SourceDate "2013.08.26"]
[SourceVersion "1"]
[SourceVersionDate "2013.08.26"]
[SourceQuality "1"]

1. c4 c5 2. Nf3 Nf6 3. Nc3 Nc6 4. e3 e6 5. d4 d5 6. cxd5 exd5 7. Bb5 Bd6 8. dxc5 Bxc5 9. 0-0 0-0 10. b3 Bd6 11. Bb2 Bg4 12. Be2 a6 13. Nd4 Bd7 14. Bf3 Be6 15. Nxc6 bxc6 16. Rc1 Rc8 17. Na4 c5 18. Qe2 c4 19. g3 Qa5 20. Bc3 Qb5 21. Bxf6 gxf6 22. Nc3 Qa5 23. bxc4 dxc4 24. Rfd1 Ba3 25. Rc2 Rfd8 26. Bd5 Bb4 27. Bxe6 fxe6 28. Ne4 f5 29. Nf6+ Kf7 30. Nd7 Kg6 31. Rxc4 Qb5 32. a4 Qxa4 33. Rcd4 Qa5 34. Ne5+ Kf6 35. Qh5 Rxd4 36. exd4 Qc7 37. Qh6+ Ke7 38. Qh4+ Kd6 39. d5 Kxe5 40. Qxb4 Kf6 41. Qh4+ Kg6 42. dxe6 Qc2 43. Qd4 Qe2 44. Qd7 Rc7 45. Qe8+ Kf6 46. Qf8+ Kg6 47. Qd6 Rc2 48. e7+ Kf7 49. Qd5+ Kg6 50. Qg8+ Kf6 51. Qf8+ Kg5 52. Qg7+ Kh5 53. Qxh7+ Kg5 54. Qg8+ Kf6 55. Rd6+ Kxe7 56. Qd8+ Kf7 57. Rf6+ 1-0